000
00267nam a2200109Ia 4500
008
220204s9999 xx 000 0 und d
082
_a
541.2
_b
DEM
245
0
_a
Molecular rearrangements
260
_a
New York
_b
John Wiley
_c
1963
700
_a
Demayo, Paul
942
_c
BK
999
_c
20512
_d
20512